Colmillo blanco

Sábháilte in:
Sonraí bibleagrafaíochta
Príomhchruthaitheoir: London, Jack (autor)
Formáid: LEABHAR
Teanga:Spáinnis
Foilsithe / Cruthaithe: Santiago Zig-Zag 1995
Sraith:Colección Clásicos Escolares
Ábhair:
Clibeanna: Cuir clib leis
Níl clibeanna ann, Bí ar an gcéad duine le clib a chur leis an taifead seo!

MARC

LEADER 00000nam a2200000 a 4500
001 UCH5313
003 CL-VaPUC
008 091014e19950000CL |||||||||||||||||spa|d
082 0 4 |a 813  |b LON  |2 21 
100 |a London, Jack  |e autor  |9 342822 
245 1 0 |a Colmillo blanco 
300 |a 126 p 
942 |c BK 
945 |d 20091014 00:00:00  |a lazolas 
260 |a Santiago  |b Zig-Zag  |c 1995 
650 0 |a Cuentos estadounidenses  |9 265133 
650 7 |a LITERATURA ESTADOUNIDENE  |2 CL-VaPUC  |9 342810 
650 0 |a Formas y géneros literarios  |9 324031 
583 |a last modification  |c 20091014 00:00:00  |k Rodrigo Vera 
490 0 |a Colección Clásicos Escolares 
999 |c 336476  |d 336474